| 000 | 00424 a2200157 4500 | ||
|---|---|---|---|
| 005 | 20250610165900.0 | ||
| 020 | _a10-1-292-01955-7 | ||
| 082 | _a388.91 KRU | ||
| 100 | _aKrugman, P. R. | ||
| 245 | _aInternational Economics: Theory and Policy. | ||
| 250 | _a10th Ed. | ||
| 260 |
_aNew York. _bPearson, _c2015. |
||
| 300 |
_a785p.; ill.; figure, table _bIndex _c28cm. |
||
| 700 | _aOBSFELD, M. & MELITZ, M. | ||
| 942 |
_2ddc _cBKS |
||
| 999 |
_c3659 _d3659 |
||